000 02722nam a2200217Ia 4500
999 _c36509
_d36509
003 OSt
005 20210401110030.0
008 160316s2011 xxu||||| |||| 00| 0 eng d
020 _a9780956544087
040 _cnls
082 _a346.0666 VAR
_bVAR
100 _aVarrent Allessandro
245 _aSharehlders rights : Jurisdictional comparisons
260 _aLondon
_bEuropean Lawyer Refencer
_c2011
300 _a512p
_cv
365 _b Rs. 21,126
505 _aContents Foreword alessandro varrenti, CBA studio legale e tributario; Argentina Roberto h. Crouzel & Miguel c. Remmer, estudio beccar varela; Brazil Alexandre Bertoldi, Roberta S.R. Bilotti Demange, sofia toledo piza & vania Marques ribeiro moyano pinheiro Neto Advogados; Chile francisco javier lllanes, pedro Lluch & carolina flisfisch, cariola diez perez-cotapos & compania limitada ; People’s Republic of china fangda partners, kirkland & ellis lnternational LLP; Colombia dario cardenas, cardenas & cardenas abogados; Czech Republic Michael mullen & jan koval, havel & holasek; Denmark niels heering & niels bang, gorrissen federspiel; France Yvon dreano, jeante Associes; Gerrmany dr lngo theusinger, noerr LLP ; Greece christina faitakis, karatzas & partners; Hong Kong john Richardoson & Alexander Que, Deacons; pierre-luc Arsenault & David patrick eich, kirkland & ellis lnternational LLP; Hungary Dr Pal rahoty & richard lock, lakatos, koves and partners ugyvedi lroda; India Neeraj kumar, sanjeev kaul, abhinav rastogi & jay badola, Dua Associates; Israel Ido gonen & Michal Matthews, goldfarb levy Eran meiri Tzafrir & co; Italy Alessandro varrenti, CBA studio legale e Tributario ; Japan Tsuyoshi shimizu, nagashima ohno & Tsunematsu; Luxembourng stef Oostvogels, Oostvogels pfister feyten; Mexico Daniel Antonio del Rio loaiza & Amilcar garcia cortes,basham ringe y correa SC; The Netherlands Michiel pannekoek & Marleen van Uchelen, Houthoff Buruma; Poland Arkadiusz Ruminski, Marta Szczepanik & Krzysztof Banaszek, Noerr; Portugal Teresa Baptista, Gomez-Acebo & Pombo; Republic of lreland Bryan Bourke & Joanne Conlon,William fry; Russia Yulia Solovykh & Dr Thomas Mundry Noerr; Slovak Republic Michael Mullen & Jan Koval, Havel & Holasek; Spain Fernando de las Cuevas, Gomez-Acebo & Pombo; Switzerand David Ledermann & Andreas Rotheli, Lenz & Staehelin; United Arab Emirates Amjad Ali Khan, Afridi & Angell; Uk Spencer Summerfield, Oliver Barnes & Laura Brocklehurst, Travers Smith LLP; USA Susan J. Zachman, Kikland & Ellis LLP; Megan W. Shaner, Richards Layton & Finger P.A.
650 _a1. Stockholders - Legal Sstatus - U K
700 _a
_a
942 _2ddc
_cBK